El general Melgarejo: hechos y dichos de este hombre célebre
-д хадгалсан:
| Үндсэн зохиолч: | |
|---|---|
| Формат: | Ном |
| Хэл сонгох: | испани |
| Хэвлэсэн: |
La Paz
La Universitaria
1947
|
| Нөхцлүүд: | |
| Шошгууд: |
Шошго нэмэх
Шошго байхгүй, Энэхүү баримтыг шошголох эхний хүн болох!
|
MARC
| LEADER | 00000nam a2200000 a 4500 | ||
|---|---|---|---|
| 001 | UCL6415 | ||
| 003 | CL-VaPUC | ||
| 008 | 040402e19470000BO |||||||||||||||||spa|d | ||
| 082 | 0 | 4 | |a 320.092 |b OCO |2 21 |
| 100 | |a O'Connor D'Arlach, Tomás |e autor |9 484107 | ||
| 245 | 1 | 3 | |a El general Melgarejo: hechos y dichos de este hombre célebre |
| 300 | |a 247 p | ||
| 942 | |c BK | ||
| 945 | |d 20040402 00:00:00 |a cmena | ||
| 260 | |a La Paz |b La Universitaria |c 1947 | ||
| 600 | 0 | |a Melgarejo, Mariano |q (Manuel Mariano), |d 1820-1871 |9 484108 | |
| 650 | 0 | |a Biografías |9 255210 | |
| 650 | 7 | |a HISTORIA DE BOLIVIA |2 CL-VaPUC |9 484109 | |
| 583 | |a last modification |c 20040402 00:00:00 |k Rodrigo Vera | ||
| 999 | |c 308523 |d 308521 | ||
| 952 | |0 0 |1 0 |4 0 |6 320_092000000000000_OCO_1947 |7 0 |8 X |9 375098 |a BIBHIS |b BIBHIS |d 2019-11-21 |i 3984362 |o 320.092 OCO 1947 |p 3984362 |r 2024-01-30 |w 2019-11-21 |y BK_X |k HIS | ||